| 000 | 00923nam a22002897a 4500 | ||
|---|---|---|---|
| 003 | CHAP | ||
| 005 | 20220329134432.0 | ||
| 008 | 971013s1977 us r 00010 eng d | ||
| 010 | _a20477 | ||
| 011 | _a21449 | ||
| 035 | _a25539 | ||
| 040 | _cCHAP | ||
| 090 | _aFolleto 6548 | ||
| 100 | 0 | 0 |
_aArganbright, Donald G. _96978 |
| 245 | 1 | _aBibliography for the drying of forest products materials, 1971-75 | |
| 260 |
_aMadison, Wis., : _bForest Products Research Society, _c1977 |
||
| 300 | _a65 p | ||
| 590 |
_aBATCH-UPD _b10 _c20130110 _lUCH01 _h0330 |
||
| 590 |
_aBATCH-UPD _b10 _c20130110 _lUCH01 _h2231 |
||
| 590 |
_aBATCH-UPD _b10 _c20130410 _lUCH01 _h1526 |
||
| 590 |
_aBATCH-UPD _b10 _c20130914 _lUCH01 _h0354 |
||
| 590 |
_aCONVERSION _b10 _c20130109 _lUCH01 _h1312 |
||
| 650 | 1 | 4 |
_aMadera aserrada _xSecado _xBibliografía. _969643 |
| 901 | _aBK | ||
| 942 | _cFOLL | ||
| 949 |
_aFolleto 6548 _bBC _cFOLL _d-58882 _eTS1 _i25539 _si |
||
| 999 |
_c20477 _d20477 |
||